|
|
|
|
| LEADER |
00000nam a22000007a 4500 |
| 005 |
20210809233829.0 |
| 007 |
cr|||| |||| |
| 008 |
210809s2010 ca |||||s|||| 00||0 eng d |
| 020 |
|
|
|a 9781552212479
|
| 035 |
|
|
|a 34887
|
| 040 |
|
|
|a vLex
|
| 090 |
|
|
|c 11948
|d 11948
|
| 100 |
1 |
|
|a Crowne-Mohammed, Emir Aly
|
| 245 |
1 |
3 |
|a The Essential Guide to Mooting
|h [Recurso electrn̤ico] :
|b A Handbook for Law Students /
|c Emir Aly Crowne-Mohammed, Mohamed R. Hashim, Shelley Kierstead
|
| 256 |
|
|
|a Servicio en ln̕ea
|
| 260 |
|
|
|a Toronto:
|b Irwin Law Inc.,
|c 2010
|
| 300 |
|
|
|a 1 recurso electrn̤ico
|
| 500 |
|
|
|a As Canadian law schools continue to expand their mooting programs and increase the emphasis on moot participation, The Essential Guide to Mooting: A Handbook for Law Students will undoubtedly be of great value to their students. Mooting is an important step in the development of one’s advocacy and communication skills. This thorough “how-to” guide provides students with a road-map to crafting a successful career as a mooter and future advocate in many different arenas. Using this book as a guide, students will be better prepared to step into their “courtrooms” and present credible and persuasive arguments in a manner corresponding to the finest of advocacy skills. The result will be that the calibre of mooting will only improve and continue to reflect the high quality of those behind the arguments: Canada’s law students.
|
| 506 |
1 |
|
|a Disponible solo en los productos indicados
|d vLex Global
|d vLex Global (Academic Edition, excluding Law Schools)
|d vLex Global (U.S. Academic Edition, Law Schools)
|d vLex Global (U.S. Academic Edition, excluding Law Schools)
|d vLex Global (Academic Edition, Law Schools)
|
| 650 |
0 |
4 |
|a Abogados
|z Canad̀
|
| 650 |
0 |
4 |
|a Derecho Pb︢lico y Administrativo
|z Canad̀
|
| 700 |
1 |
|
|a Hashim, Mohamed R.
|
| 700 |
1 |
|
|a Kierstead, Shelley
|
| 740 |
0 |
|
|a vLex Libros (Servicio en ln̕ea)
|
| 856 |
4 |
0 |
|u https://app.vlex.com/#/sources/34887
|z Acceso restringido
|
| 942 |
|
|
|c BOOK
|
| 999 |
0 |
|
|a Lawyers
|
| 999 |
0 |
|
|a Public and Administrative Law
|